000 00768nam a2200205 a 4500
001 22427
003 CO-ViMGA
008 141112s2004 ck r 000 u spa d
040 _aCO-ViMGA
_bspa
_cCO-ViMGA
082 0 4 _aCo861 M353p
100 1 _aMendinueta, Lauren
_931781
245 1 0 _aPoesía en sí misma
260 _aBogotá :
_bUniversidad Externado de Colombia,
_c2007
300 _a70
505 _aEuclidiana 9 - - Relato de vida 10 - - Acta de nacimiento 14 - - Antigua morada 15 - - La partidad inconclusa 16 - - Reflexión 17 - - Poema autoreferencial 18
590 _aForma de adquisición : Donación - - Precio : 5.000 - - Fecha de adquisición : 2008
650 1 4 _aNAVIDAD - POESIAS
_924822
650 1 4 _aPOESIA COLOMBIANA
_91069
942 _2ddc
_cBK
999 _c30733
_d30733